The doon valley across the years/ (Record no. 69755)

MARC details
000 -LEADER
fixed length control field 00761nam a22001937a 4500
005 - DATE AND TIME OF LATEST TRANSACTION
control field 20120906122421.0
010 ## - LCCN (DPL NO)
LC control number B-463563
020 ## - INTERNATIONAL STANDARD BOOK NUMBER
International Standard Book Number 9788129112873
Terms of availability 295.00
035 ## - SYSTEM CONTROL NUMBER
System control number B-463563
037 ## - SOURCE OF ACQUISITION
Stock number dpl
Source of stock number/acquisition RBC Pub/Ven
082 ## - DEWEY DECIMAL CLASSIFICATION NUMBER
Classification number 954.13
245 ## - TITLE STATEMENT
Title The doon valley across the years/
Statement of responsibility, etc edited by Ganesh Saili
260 ## - PUBLICATION, DISTRIBUTION, ETC. (IMPRINT)
Place of publication, distribution, etc New Delhi
Name of publisher, distributor, etc Rupa.Co
Date of publication, distribution, etc 2007
270 ## - ADDRESS
Address 7/16,Ansari Road, Daryaganj
City New Delhi
Postal code 110002
300 ## - PHYSICAL DESCRIPTION
Extent 192p.
Dimensions 22cm.(Hb)
942 ## - ADDED ENTRY ELEMENTS (KOHA)
Source of classification or shelving scheme Dewey Decimal Classification
Item type English Books
Call number suffix DOO
Classification part 954.13
Holdings
Withdrawn status Lost status Not for loan Collection code Home library Current library Date acquired Source of acquisition Cost, normal purchase price Full call number Barcode Copy number Cost, replacement price Koha item type
      Non-fiction Central Library Central Library 10/09/2012 RBC/27/483/06.02.12/26/18.01.12/17.02.12 295.00 954.13 DOO B-463563 1 295.00 English Books

© Delhi Public Library
Hit Counter
free hit counter